|
|
|
|
| LEADER |
02070nam a2200445 a 4500 |
| 001 |
EBC3442844 |
| 003 |
MiAaPQ |
| 005 |
20200520144314.0 |
| 006 |
m o d | |
| 007 |
cr cn||||||||| |
| 008 |
080625s2008 utuab sb 001 0 eng d |
| 010 |
|
|
|z 2008025853
|
| 020 |
|
|
|z 0874217059 (cloth : alk. paper)
|
| 020 |
|
|
|z 9780874217056 (cloth : alk. paper)
|
| 020 |
|
|
|a 0874217067 (electronic bk.)
|
| 020 |
|
|
|a 9780874217063 (electronic bk.)
|
| 035 |
|
|
|a (MiAaPQ)EBC3442844
|
| 035 |
|
|
|a (Au-PeEL)EBL3442844
|
| 035 |
|
|
|a (CaPaEBR)ebr10488660
|
| 035 |
|
|
|a (CaONFJC)MIL325015
|
| 035 |
|
|
|a (OCoLC)932313549
|
| 040 |
|
|
|a MiAaPQ
|c MiAaPQ
|d MiAaPQ
|
| 043 |
|
|
|a n-us---
|
| 050 |
|
4 |
|a HE2763
|b .F73 2008
|
| 082 |
0 |
4 |
|a 385.3/120979242
|2 22
|
| 100 |
1 |
|
|a Francaviglia, Richard V.
|
| 245 |
1 |
0 |
|a Over the range
|h [electronic resource] :
|b a history of the Promontory Summit route of the Pacific railroad /
|c Richard V. Francaviglia.
|
| 260 |
|
|
|a Logan :
|b Utah State University Press,
|c c2008.
|
| 300 |
|
|
|a x, 333 p. :
|b ill. (some col.), maps (some col.).
|
| 504 |
|
|
|a Includes bibliographical references and index.
|
| 505 |
0 |
|
|a Envisioning Promontory (1820-1850) -- In the path of history (1850-1865) -- The battle of the maps (1865-1868) -- A moment of glory : Promontory, 1869 -- On the early mainline (1869-1875) -- Big time railroading (1875-1904) -- A regional branchline (1904-1942) -- A changing countryside & landscape (1904-1942) -- Remembering Promontory (1942-present) -- Epilogue : full circle.
|
| 533 |
|
|
|a Electronic reproduction. Ann Arbor, MI : ProQuest, 2015. Available via World Wide Web. Access may be limited to ProQuest affiliated libraries.
|
| 610 |
2 |
0 |
|a Union Pacific Railway Company.
|
| 610 |
2 |
0 |
|a Central Pacific Railroad Company
|x History.
|
| 650 |
|
0 |
|a Pacific railroads.
|
| 650 |
|
0 |
|a Railroads
|z West (U.S.)
|x History.
|
| 650 |
|
0 |
|a Railroads
|x History.
|
| 655 |
|
4 |
|a Electronic books.
|
| 710 |
2 |
|
|a ProQuest (Firm)
|
| 856 |
4 |
0 |
|u https://ebookcentral.proquest.com/lib/matrademy/detail.action?docID=3442844
|z Click to View
|